<?xml version="1.0" encoding="UTF-8"?><?xml-stylesheet type="text/xsl" href="static/style.xsl"?><OAI-PMH xmlns="http://www.openarchives.org/OAI/2.0/" xmlns:xsi="http://www.w3.org/2001/XMLSchema-instance" xsi:schemaLocation="http://www.openarchives.org/OAI/2.0/ http://www.openarchives.org/OAI/2.0/OAI-PMH.xsd"><responseDate>2026-04-17T12:05:42Z</responseDate><request verb="GetRecord" identifier="oai:riubu.ubu.es:10259/9829" metadataPrefix="marc">https://riubu.ubu.es/oai/request</request><GetRecord><record><header><identifier>oai:riubu.ubu.es:10259/9829</identifier><datestamp>2025-12-30T23:42:17Z</datestamp><setSpec>com_10259_4725</setSpec><setSpec>com_10259_5086</setSpec><setSpec>com_10259_2604</setSpec><setSpec>com_10259_5841</setSpec><setSpec>com_10259.4_2543</setSpec><setSpec>col_10259_4726</setSpec><setSpec>col_10259_5842</setSpec><setSpec>col_10259.4_2544</setSpec></header><metadata><record xmlns="http://www.loc.gov/MARC21/slim" xmlns:doc="http://www.lyncode.com/xoai" xmlns:xsi="http://www.w3.org/2001/XMLSchema-instance" xmlns:dcterms="http://purl.org/dc/terms/" xsi:schemaLocation="http://www.loc.gov/MARC21/slim http://www.loc.gov/standards/marcxml/schema/MARC21slim.xsd">
<leader>00925njm 22002777a 4500</leader>
<datafield tag="042" ind1=" " ind2=" ">
<subfield code="a">dc</subfield>
</datafield>
<datafield tag="720" ind1=" " ind2=" ">
<subfield code="a">Alonso Martínez, Laura</subfield>
<subfield code="e">author</subfield>
</datafield>
<datafield tag="720" ind1=" " ind2=" ">
<subfield code="a">Forrest, Simon</subfield>
<subfield code="e">author</subfield>
</datafield>
<datafield tag="720" ind1=" " ind2=" ">
<subfield code="a">Heras Sevilla, Davinia</subfield>
<subfield code="e">author</subfield>
</datafield>
<datafield tag="720" ind1=" " ind2=" ">
<subfield code="a">Sáiz Manzanares, María Consuelo</subfield>
<subfield code="e">author</subfield>
</datafield>
<datafield tag="720" ind1=" " ind2=" ">
<subfield code="a">Puente Alcaraz, Jesús</subfield>
<subfield code="e">author</subfield>
</datafield>
<datafield tag="720" ind1=" " ind2=" ">
<subfield code="a">Fernández Hawrylak, María</subfield>
<subfield code="e">author</subfield>
</datafield>
<datafield tag="260" ind1=" " ind2=" ">
<subfield code="c">2024-12</subfield>
</datafield>
<datafield tag="520" ind1=" " ind2=" ">
<subfield code="a">Background and Purpose: The transmission of sexual infections is increasing globally. The research aims to validate the Health Protective Sexual Communication Scale (HPSC) in English and Spanish. Methods: The study survey was administered to 1,223 university students from Spain (658) and the United Kingdom (565) during the academic year 2020-2021. Results: Cronbach's alpha values were .80 (Spain) and .86 (United Kingdom). The scale's Exploratory and Confirmatory Factor Analysis displays a one-dimensional structure of eight items in both countries. Conclusions: The HPSC has excellent reliability and validity. Psychometric findings support the use of the HPSC as a screening tool to measure sexual risk in youth.</subfield>
</datafield>
<datafield tag="024" ind2=" " ind1="8">
<subfield code="a">1061-3749</subfield>
</datafield>
<datafield tag="024" ind2=" " ind1="8">
<subfield code="a">http://hdl.handle.net/10259/9829</subfield>
</datafield>
<datafield tag="024" ind2=" " ind1="8">
<subfield code="a">10.1891/jnm-2022-0113</subfield>
</datafield>
<datafield tag="024" ind2=" " ind1="8">
<subfield code="a">1945-7049</subfield>
</datafield>
<datafield ind1=" " ind2=" " tag="653">
<subfield code="a">Assessment tools</subfield>
</datafield>
<datafield ind1=" " ind2=" " tag="653">
<subfield code="a">Community/Public health</subfield>
</datafield>
<datafield ind1=" " ind2=" " tag="653">
<subfield code="a">Continuing education</subfield>
</datafield>
<datafield ind1=" " ind2=" " tag="653">
<subfield code="a">Culture/Cultural competency</subfield>
</datafield>
<datafield ind1=" " ind2=" " tag="653">
<subfield code="a">Instrument development</subfield>
</datafield>
<datafield tag="245" ind1="0" ind2="0">
<subfield code="a">Validation of the Health Protective Sexual Communication Scale Among Young Adults in the United Kingdom and Spain</subfield>
</datafield>
</record></metadata></record></GetRecord></OAI-PMH>